| 000 | 00627nam a2200193 i 4500 | ||
|---|---|---|---|
| 001 | 129073 | ||
| 003 | ES-MaACL | ||
| 005 | 20251218174733.0 | ||
| 007 | t| | ||
| 008 | 070605s1970 sp ||||1| spa d | ||
| 100 | 1 |
_aTejerina Raygada, Mario S. _9109598 |
|
| 245 | 1 | 0 |
_aEstudio de la toxoplasmosis humana adquirida / _cpor Mario S. Tejerina Raygada ; prólogo Henrique Benaim Pinto. |
| 260 |
_a[Madrid] : _bPaz Montalvo, _c[1970] |
||
| 300 |
_a139 p. : _bil. ; _c21 cm. |
||
| 650 | 1 | 4 |
_aToxoplasmosis. _917575 |
| 700 | 0 |
_aBenaim Pinto, Henrique _927422 |
|
| 852 |
_aES-MaACL _jC-47551 _bR.75440 |
||
| 999 |
_c129073 _d129073 |
||